| 000 | 00854cam a2200301 4500500 | ||
|---|---|---|---|
| 005 | 20260405003056.0 | ||
| 041 | _afre | ||
| 042 | _adc | ||
| 100 | 1 | 0 |
_aEltchaninoff, Michel _eauthor |
| 245 | 0 | 0 | _aPeut-on rire (jaune) de l’humour (noir) ? |
| 260 | _c2020. | ||
| 500 | _a5 | ||
| 690 | _aBun Hay Mean | ||
| 690 | _aDiscrimination | ||
| 690 | _aDomination | ||
| 690 | _aHumour | ||
| 690 | _aMichel Leeb | ||
| 690 | _aMinorités | ||
| 690 | _aNacira Guénif-Souilamas | ||
| 690 | _aOlivier Mongin | ||
| 690 | _aPierre Desproges | ||
| 690 | _aRacisme | ||
| 690 | _aRire | ||
| 690 | _aThomas Ngijol | ||
| 690 | _aYves Cusset | ||
| 786 | 0 | _nPhilosophie magazine | 138 | 4-5 | 2020-04-01 | p. 19-20 | 1951-1787 | |
| 856 | 4 | 1 | _uhttps://shs.cairn.info/magazine-philosophie-magazine-2020-4-5-page-19?lang=fr&redirect-ssocas=7080 |
| 999 |
_c2064199 _d2064199 |
||